El marqués de la Vega de Armijo (Registro nro. 185401)
[ vista simple ]
| 000 -LEADER | |
|---|---|
| campo de control de longitud fija | 01083nam a2200229 i 4500 |
| 001 - NÚMERO DE CONTROL | |
| campo de control | 185401 |
| 003 - IDENTIFICADOR DE NÚMERO DE CONTROL | |
| campo de control | ES-MaACL |
| 005 - FECHA Y HORA DE LA ÚLTIMA TRANSACCIÓN | |
| campo de control | 20231204184350.0 |
| 008 - DATOS DE LONGITUD FIJA--INFORMACIÓN GENERAL | |
| campo de control de longitud fija | 160531s1947 sp cf |||| |bspa d |
| 080 ## - NÚMERO DE LA CLASIFICACIÓN DECIMAL UNIVERSAL | |
| Número de la Clasificación Decimal Universal | 929 Vega de Armijo. Antonio Aguilar y Correa. Marqués de la |
| 100 1# - ENTRADA PRINCIPAL--NOMBRE DE PERSONA | |
| Nombre de persona | Naveros, José Miguel. |
| 9 (RLIN) | 85224 |
| 245 13 - MENCIÓN DEL TÍTULO | |
| Título | El marqués de la Vega de Armijo |
| Resto del título | : 56 años de política liberal / |
| Mención de responsabilidad, etc. | por José Miguel Naveros Burgos. |
| 260 ## - PUBLICACIÓN, DISTRIBUCIÓN, ETC. | |
| Lugar de publicación, distribución, etc. | Madrid : |
| Nombre del editor, distribuidor, etc. | Purcalla, |
| Fecha de publicación, distribución, etc. | 1947. |
| 300 ## - DESCRIPCIÓN FÍSICA | |
| Extensión | 185 p., [5] h. de lám. ; |
| Dimensiones | 21 cm. |
| 490 1# - MENCIÓN DE SERIE | |
| Mención de serie | Medio siglo de historia. |
| -- | Los presidentes del Consejo de la Monarquía, 1874-1931 ; |
| Designación de volumen o secuencia | 13 |
| 490 1# - MENCIÓN DE SERIE | |
| Mención de serie | Los presidentes del Consejo de la Monarquía Española, 1874-1931 |
| 600 17 - PUNTO DE ACCESO ADICIONAL DE MATERIA--NOMBRE DE PERSONA | |
| Nombre de persona | Aguilar y Correa, Antonio, |
| Títulos y otros términos asociados al nombre | Marqués de la Vega de Armijo, |
| Fechas asociadas al nombre | 1824-1908 |
| Fuente del encabezamiento o término | embne |
| 9 (RLIN) | 18751 |
| 830 0# - PUNTO DE ACCESO ADICIONAL DE SERIE-TÍTULO UNIFORME | |
| Título uniforme | Medio siglo de historia. |
| -- | Los presidentes del Consejo de la Monarquía, 1874-1931 ; |
| Designación de volumen o secuencia | 13 |
| 9 (RLIN) | 192289 |
| 830 0# - PUNTO DE ACCESO ADICIONAL DE SERIE-TÍTULO UNIFORME | |
| Título uniforme | Los presidentes del Consejo de la Monarquía Española, 1874-1931 |
| 9 (RLIN) | 192290 |
| 852 ## - LOCALIZACIÓN | |
| Ubicación | ES-MaACL |
| Número de control de estantería | E-4335 |
| Estatus retirado | Estado de pérdida | Estado de daño | No para préstamo | Biblioteca de origen | Biblioteca actual | Ubicación en estantería | Fecha de adquisición | Fuente de adquisición | Total de préstamos | Signatura topográfica completa | Código de barras | Visto por última vez | Precio de reemplazo | Tipo de ítem Koha |
|---|---|---|---|---|---|---|---|---|---|---|---|---|---|---|
| Biblioteca del Ateneo de Madrid | Biblioteca del Ateneo de Madrid | Depósito 2 | 31/05/2016 | E-4335 | 1195329 | 23/02/2023 | 23/02/2023 | Libro impreso |
